| 000 | 00855nam a2200241 a 4500 | ||
|---|---|---|---|
| 008 | 120416s1986 ||||||||||||||||| || u | ||
| 020 | _a9221052311 | ||
| 050 | _aHD 3616.S53 Lim | ||
| 100 | _aPang, Eng Fong | ||
| 245 | 1 | 0 | _aTrade, employment and industrialisation in Singapore |
| 260 |
_aGeneva _bInternational Labour Office _c1986 |
||
| 300 | _axi, 110 p. | ||
| 350 | _a0.00 | ||
| 490 | _aEmployment, adjustment, and industrialisation, 0257-3415 | ||
| 490 | _v2 | ||
| 500 | _aIncludes bibliographies. | ||
| 650 | _aINDUSTRY | ||
| 650 | _aLabor supply--Singapore | ||
| 650 | _aSINGAPORE--ECONOMIC CONDITIONS | ||
| 650 | _aIndustrialization--Singapore | ||
| 700 | _aLim, Linda | ||
| 995 |
_D0.00 _FCBU-MAIN LIBRARY (Kitwe) _H1 _I52.50 _M1 _UAVAILABLE _ZAnnex Low-Usage Collection |
||
| 999 |
_c60160 _d60160 |
||